01293cam a2200349 a 4500001001400000005001700014008004100031020002800072035004100100035002600141035002800167040003400195041000800229044001100237072004300248080001600291080002200307080001900329245026300348250001500611260004600626300003500672630001800707630002000725650002900745650002800774655001700802655002000819700003200839700003600871700003600907vtls01153460520251024075303.0170706s2015 xo ab g 000 0 slo  a9788071404866 (brož.) aAB39CBE2-343B-4229-B54E-AF4D0022CEA3 aurn:nbn:sk:snk-amlli4 aurn:nbn:sk:snk-am00bf24 aSVKBBbslocSVKBBdSNKeAACR20 aslo axocSK 7a2-23/-27xBiblia. Biblistika2konspekt a27-2322011 a27-232/-23622011 a(0:82-9)2201100aBibliabPísmo sväté Starej a Novej zmluvy : [podľa vydania Slovenskej evanjelickej cirkvi augsburského vyznania v ČSSR a v Spojených biblických spoločnostiach (Londýn) z roku 1979ctext overili Juraj Bándy, Ján Grešo, Igor Kišš] aReedícia aLiptovský MikulášbTranosciusc2015 a299, [17] s.bmp., tab.c18 cm07aBiblia2SNKPH07aBible2SNKPHeng07aBiblical texts2SNKPHeng07abiblické texty2SNKPH 7atexty2SNKPH 7aTexts2SNKPHeng1 aBándy, Juraj,d1950-4oth1 aGrešo, Ján,d1933-20134oth1 aKišš, Igor,d1932-20184oth